Kathy Liang

Rice A


Categories

Science - Other Science0300305886.3313
Science - Biology03003093108.0001
Religion0201207397.5011
Social Science0200209195.5012
Other0201208693.0002
Science - Physics020120110119.0001
Literature - British Literature010010146146.0001
Mythology010010139139.0001
Science - Chemistry000000.0000
Fine Arts - Other Fine Arts000000.0000

Buzzes

Science - Other Sciencepesticides1058
ReligionDragon Boat Festival1073
Otherlibraries1086
Social ScienceNeolithic Revolution1091
Science - Other Scienceconcrete1092
Science - Biologygel electrophoresis1093
Social Sciencegrammatical cases10100
Otherolive trees10100
Science - Biologysurvival10107
Science - Other ScienceOort cloud10109